| 000 | 00429nam a22001217a 4500 | ||
|---|---|---|---|
| 082 | _aT-193 | ||
| 100 |
_aSyed Bilal ahmad _950877 |
||
| 245 | _aComparison of structural performance using Pakistan building building code practice vs response spectrum analysis derived from spectral acceleration values of Peshawar region | ||
| 260 |
_aRisalpur _bMCE _c2015. |
||
| 300 | _axii,105p. | ||
| 526 |
_a0 _b0 _c0 _dT_193 |
||
| 942 |
_2ddc _cBK |
||
| 999 |
_c553607 _d553607 |
||